[Event "Warsaw"]
[Site "Warsaw"]
[Date "1988.??.??"]
[Round "2"]
[White "Zielinski, Marek"]
[Black "Adamski, Andrzej"]
[Result "1/2-1/2"]
[WhiteElo "2395"]
[BlackElo "2275"]

1.e4 g6 2.d4 Bg7 3.Nc3 d6 4.f4 Nf6 5.Nf3 c5 6.Bb5+ Bd7 7.e5 Ng4 8.e6 Bxb5
9.exf7+ Kd7 10.Nxb5 Qa5+ 11.Nc3 cxd4 12.Nxd4 h5 13.h3 Nc6 14.hxg4 Bxd4 15.Bd2 hxg4
16.Qxg4+ Qf5 17.Qxf5+ gxf5 18.Ke2 Raf8 19.Rxh8 Rxh8 20.Rh1 Rf8 21.Kf3  1/2-1/2

[Event "Aarhus op"]
[Site "Aarhus"]
[Date "1989.??.??"]
[Round "8"]
[White "Nicholson, John"]
[Black "Nielsen, P."]
[Result "1-0"]
[WhiteElo "2285"]
[BlackElo "2235"]

1.e4 g6 2.d4 Bg7 3.Nc3 d6 4.Nf3 Nf6 5.h3 O-O 6.Be3 Nc6 7.Bc4 a6 8.a4 Nd7
9.O-O e5 10.dxe5 Ndxe5 11.Nxe5 Nxe5 12.Ba2 Be6 13.Nd5 b5 14.f4 Nc4 15.Bxc4 bxc4
16.Bd4 Bxd5 17.exd5 Rb8 18.Ra3 Re8 19.Raf3 Re4 20.Bxg7 Kxg7 21.f5 f6 22.fxg6 hxg6
23.Rxf6 Qxf6 24.Rxf6 Kxf6 25.Qf3+ Ke5 26.Qf7 Kd4 27.c3+ Kd3 28.Qf3+ Re3 29.Qd1+  1-0

[Event "Aarhus int"]
[Site "Aarhus"]
[Date "1989.??.??"]
[Round "9"]
[White "Rewitz, Poul"]
[Black "Kristensen, Leif"]
[Result "1/2-1/2"]
[WhiteElo "2260"]
[BlackElo "2290"]

1.d4 g6 2.e4 Bg7 3.Nc3 d6 4.Nge2 Nf6 5.g3 O-O 6.Bg2 Na6 7.O-O c5 8.d5 Nc7
9.a4 Rb8 10.h3 a6 11.a5 b5 12.axb6 Rxb6 13.f4 Nd7 14.Ra2 Nb5 15.Nxb5 axb5
16.c3 b4 17.Rf3 bxc3 18.bxc3 Ba6 19.Qa4 Bb5 20.Qc2 Bc4 21.Ra7 Qc8 22.Bf1 Ra6
23.Rxa6 Qxa6 24.g4 Ra8 25.Ng3 Bxf1 26.Nxf1 Qc4 27.Qd3 Ra4 28.Ng3 Qxd3 29.Rxd3 Ra1
30.Ne2 c4 31.Rd2 Nc5 32.Kg2 Nd3 33.Rd1 Nxc1 34.Rxc1 Rxc1 35.Nxc1 Bxc3 36.Kf3 Bd2
37.Ne2 g5 38.f5 Kf8 39.Nd4 Ke8 40.Ke2 Bc3 41.Nb5 Bb2 42.Kd2 Kd7 43.Kc2 Bf6
44.Na3 c3 45.Nb5 Kc8 46.Nxc3 Bxc3 47.Kxc3 Kb7 48.Kb3 Kb6 49.Kb4 f6 50.Kc4 Ka5
51.Kc3  1/2-1/2

[Event "Altensteig"]
[Site "Altensteig"]
[Date "1989.??.??"]
[Round "?"]
[White "Kosten, Anthony C"]
[Black "Lau, Ralf"]
[Result "0-1"]
[WhiteElo "2500"]
[BlackElo "2470"]

1.e4 d6 2.d4 g6 3.Nc3 Bg7 4.f4 c6 5.Be3 Qb6 6.Rb1 Nf6 7.Nf3 O-O 8.Bd3 e5
9.fxe5 dxe5 10.Nxe5 Nxe4 11.Nxf7 Bxd4 12.Na4 Qa5+ 13.b4 Qd5 14.Bxe4 Qxe4
15.Nh6+ Kg7 16.Qxd4+ Qxd4 17.Bxd4+ Kxh6 18.Kd2 Na6 19.c3 Rd8 20.Rbe1 Nxb4
21.Re4 Bf5 22.Rh4+ Kg5 23.g3 Nc2 24.Nc5 Nxd4 25.cxd4 b6 26.Nb3 h5 27.Rf4 Re8
28.Rhf1 Rad8 29.R1f3 a5 30.Kc3 Re2 31.Rf2 Re3+ 32.Kb2 a4 33.Rxf5+ gxf5 34.Nd2 Rxd4
35.Nf3+ Rxf3 36.Rxf3 Rd2+ 37.Ka3 Rxh2 38.Rc3 c5 39.Rc4 h4 40.gxh4+ Rxh4 41.Rc3 Re4
42.Rc2 f4 43.Rb2 f3 44.Rxb6 f2 45.Rb2 Re3+  0-1

[Event "American op"]
[Site "?"]
[Date "1989.??.??"]
[Round "4"]
[White "Ivanov, Alexander"]
[Black "Gurevich, Dmitry"]
[Result "1/2-1/2"]
[WhiteElo "2470"]
[BlackElo "2480"]

1.e4 g6 2.d4 Bg7 3.Nc3 d6 4.Be3 a6 5.h4 Nf6 6.f3 b5 7.Qd2 h6 8.a4 b4 9.Nd1 a5
10.c3 bxc3 11.bxc3 Ba6 12.Bxa6 Nxa6 13.Ne2 h5 14.O-O Nd7 15.Nf2 Nb6 16.Qd3 e6
17.Bg5 Qd7 18.Rfb1 e5 19.Rb5 exd4 20.Rxa5 Nc5 21.Rxa8+ Nxa8 22.Qb1 O-O 23.cxd4 Nxa4
24.g4 N8b6 25.gxh5 gxh5 26.Qc2 f5 27.Rd1 fxe4 28.fxe4 Qb5 29.Nd3 Qc4 30.Qxc4+ Nxc4
31.Nec1 Nab6 32.Kg2 Re8 33.Kf3 Rf8+ 34.Kg3 Re8 35.Kf3 Rf8+ 36.Kg3  1/2-1/2

[Event "ARG-ch sf"]
[Site "ARG"]
[Date "1989.??.??"]
[Round "?"]
[White "Garbarino, Rodolfo"]
[Black "Amura, Claudia Noemi"]
[Result "1-0"]
[WhiteElo "2345"]
[BlackElo "2300"]

1.e4 g6 2.d4 Bg7 3.Nc3 d6 4.Be3 a6 5.f4 b5 6.Nf3 Bb7 7.Qd3 Nc6 8.d5 Na5 9.O-O-O Nf6
10.e5 dxe5 11.fxe5 Ng4 12.Bc5 Nc4 13.e6 f6 14.Kb1 Bh6 15.Nh4 Rg8 16.Qg3 Nge3
17.Bxc4 Nxd1 18.Rxd1 bxc4 19.Nf5 Bf8 20.Qh4 Rh8 21.Qxc4 Qc8 22.Qa4+ c6 23.Nd4 Bh6
24.dxc6 Kf8 25.Bxe7+ Kg7 26.cxb7 Qxb7 27.Nc6 Rhe8 28.Bxf6+  1-0

[Event "Akropolis op"]
[Site "Athens"]
[Date "1989.??.??"]
[Round "?"]
[White "Marinkovic, Ivan"]
[Black "Dedes, Nikolaos"]
[Result "1/2-1/2"]
[WhiteElo "2420"]
[BlackElo "2280"]

1.e4 g6 2.d4 Bg7 3.Nc3 d6 4.Be3 Nf6 5.h3 O-O 6.Nf3 a6 7.a4 b6 8.Bc4 e6 9.O-O Bb7
10.d5 e5 11.Be2 Nbd7 12.Nd2 Kh8 13.a5 b5 14.Na2 Ng8 15.c4 f5 16.exf5 gxf5
17.f4 exf4 18.Bxf4 Bxb2 19.Rb1 Bf6 20.cxb5 axb5 21.Nb3 Ne7 22.Nb4 Nc5 23.Bxb5 Ne4
24.a6 Nc3 25.Qd3 Bxd5 26.Nxd5 Nexd5 27.Bh6 c6 28.Bc4 Nb4 29.Qf3 d5 30.Bxf8 Qxf8
31.Bd3 Nxd3 32.Qxd3 Nxb1 33.Qxb1 Bg7 34.Rxf5 Qe7 35.Qd3 Qe1+ 36.Rf1 Qc3 37.Qxc3 Bxc3
38.Rc1 d4 39.Nc5 Kg7 40.Kf2 Kf6 41.Ne4+  1/2-1/2

[Event "Akropolis op"]
[Site "Athens"]
[Date "1989.??.??"]
[Round "?"]
[White "Gazis, Efstathios"]
[Black "Trikaliotis, Georgios"]
[Result "1-0"]
[WhiteElo "2270"]
[BlackElo "2215"]

1.e4 g6 2.d4 Bg7 3.Nc3 d6 4.Bg5 Nc6 5.Nge2 h6 6.Be3 Nf6 7.f3 e5 8.d5 Ne7
9.g4 c6 10.Qd2 cxd5 11.exd5 e4 12.h3 exf3 13.Ng1 h5 14.g5 Nd7 15.Nxf3 Nf5
16.Bf4 O-O 17.O-O-O Nc5 18.Bd3 Nxd3+ 19.Qxd3 Qa5 20.a3 Bd7 21.Ne4 Qa4 22.Rhe1 Rac8
23.c3 Bb5 24.Qc2 Qa5 25.Rd2 Ba4 26.Qd3 Bb3 27.Nf6+ Kh8 28.Nd4 Bc4 29.Qf3 Bxd5
30.Qxd5 Qxd5 31.Nxd5 Nxd4 32.Rd3 Nb3+ 33.Kb1 Nc5 34.Rd2 Rcd8 35.Re7 Rfe8
36.Rxf7 a5 37.a4 Re4 38.Bg3 Re6 39.Bf4 Re1+ 40.Kc2 Ne4 41.Rg2 Nc5 42.Be3 Rd7
43.Rgf2 Kg8 44.Ne7+ Kh7 45.Kd2 Rxe3 46.Kxe3 Ne6 47.Nd5 Rxf7 48.Rxf7 Nxg5
49.Rxb7 Nxh3 50.b4  1-0

[Event "Athens Akropolis"]
[Site "Athens"]
[Date "1989.??.??"]
[Round "?"]
[White "Gavrilakis, Nikolaos"]
[Black "Arduman, Can"]
[Result "1/2-1/2"]
[WhiteElo "2400"]
[BlackElo "2305"]

1.e4 g6 2.d4 Bg7 3.Nc3 d6 4.f4 Nf6 5.e5 dxe5 6.dxe5 Qxd1+ 7.Kxd1 Ng4 8.Ke1 Nc6
9.Nd5 Nd4 10.Nxc7+ Kd8 11.Nxa8 Nxc2+ 12.Ke2 Nxa1 13.h3 Nh6 14.g4 Nc2 15.Kd1 Nb4
16.Rh2 Be6 17.Be3 b6 18.Rd2+ Kc8 19.Bg2 Rd8 20.Bb7+ Kxb7 21.Rxd8 Nc6 22.Rd2 Kxa8
23.a3 Kb7 24.Nf3 Nxg4 25.hxg4 Bxg4 26.Ke2 Bxe5 27.Kf2 Bxf3 28.Kxf3 Bd6 29.Kg4 Kc7
30.Kg5 h5 31.Rf2 Kd7 32.f5 gxf5 33.Rxf5 f6+ 34.Kxh5 Be5 35.Rf2 b5 36.Kg4 a5
37.b3 Bd6 38.a4 bxa4 39.bxa4 Ke6 40.Kf3 Bb4 41.Ke4 Kd6 42.Bf4+ e5 43.Bg3 Ke6
44.Bh4 Be7 45.Kd3 Nd4 46.Rb2 Bb4 47.Bf2 Nf5 48.Rxb4 axb4 49.Kc4 Nd6+ 50.Kxb4 Kd5
51.a5 f5 52.a6 Kc6 53.a7 Kb7 54.Kc5  1/2-1/2

[Event "AUT-chT"]
[Site "?"]
[Date "1989.??.??"]
[Round "?"]
[White "Petschar, Kurt"]
[Black "Schlosser, Michael"]
[Result "1-0"]
[WhiteElo "2290"]
[BlackElo "2440"]

1.e4 g6 2.d4 Bg7 3.Nc3 d6 4.f4 a6 5.Nf3 b5 6.Bd3 Bb7 7.O-O Nd7 8.Ne2 c5 9.c3 cxd4
10.cxd4 Ngf6 11.e5 Nd5 12.Ng5 Qb6 13.Kh1 f6 14.Ne6 Kf7 15.Nxg7 Kxg7 16.e6 Nf8
17.f5 h5 18.Bd2 h4 19.h3 Rh5 20.Rc1 Nh7 21.fxg6 Ng5 22.Bf5 Rah8 23.Bg4 Ne4
24.Bxh5 Rxh5 25.Kh2 Rh8 26.Qe1 b4 27.Rf3 a5 28.Be3 Qb5 29.Nf4 Ng5 30.Rf2 Nxf4
31.Bxf4 Ne4 32.Rc7 Nxf2 33.Rxe7+ Kxg6 34.Qxf2 Qd5 35.Rf7 f5 36.Be5 Qxe6 37.Rg7+  1-0

[Event "Bad Mergentheim op"]
[Site "Bad Mergentheim"]
[Date "1989.??.??"]
[Round "?"]
[White "Lorenz, Sascha"]
[Black "Mohr, Stefan"]
[Result "1-0"]
[WhiteElo "2250"]
[BlackElo "2485"]

1.e4 g6 2.d4 Bg7 3.Nc3 d6 4.g3 Nc6 5.Be3 e5 6.dxe5 Nxe5 7.h3 f5 8.f4 Nf7
9.exf5 gxf5 10.Qe2 Ne7 11.Nf3 O-O 12.Bg2 d5 13.O-O-O c6 14.Bd4 Nd6 15.Bxg7 Kxg7
16.g4 Ng6 17.g5 Ne4 18.Qe3 Qa5 19.h4 Nxc3 20.bxc3 Qc7 21.Rd4 Bd7 22.h5 Rae8
23.Qd2 Ne7 24.Ne5 Be6 25.Rd3 Qa5 26.Rg3 c5 27.h6+ Kh8 28.Qe2 Qc7 29.g6 hxg6
30.Rxg6 Bg8 31.Rg7 Qd6 32.h7  1-0

[Event "FRG-ch"]
[Site "Bad Neuenahr"]
[Date "1989.??.??"]
[Round "?"]
[White "Hort, Vlastimil"]
[Black "Hickl, Joerg"]
[Result "1/2-1/2"]
[WhiteElo "2580"]
[BlackElo "2500"]

1.e4 d6 2.d4 g6 3.Nc3 Bg7 4.g3 Nc6 5.Be3 e5 6.dxe5 Nxe5 7.f4 Bg4 8.Be2 Nc4
9.Bd4 Bxe2 10.Ngxe2 Nf6 11.Qd3 Nb6 12.g4 Qd7 13.h3 Qc6 14.O-O-O O-O-O 15.Ng3 Rhg8
16.Rhe1 Nfd7 17.Bxg7 Rxg7 18.Nd5 f6 19.Qd4 Rf7 20.Re3 Qc4 21.Qxc4 Nxc4 22.Rc3 Ndb6
23.b3 Na5 24.Re3 Re8 25.c4 Nc6 26.Kd2 Nd4 27.Rf1 c5 28.Nc3 Rfe7 29.Kd3 a6
30.Nge2 Nc6 31.Rff3 Kd7 32.Rg3 Na8 33.Nd5 Nb4+ 34.Kd2 Nxd5 35.exd5 b5 36.Rxe7+  1/2-1/2

[Event "FRG-ch"]
[Site "Bad Neuenahr"]
[Date "1989.??.??"]
[Round "?"]
[White "Lau, Ralf"]
[Black "Backwinkel, Paul"]
[Result "1-0"]
[WhiteElo "2475"]
[BlackElo "2325"]

1.e4 g6 2.d4 Bg7 3.Nc3 d6 4.Be3 a6 5.Qd2 b5 6.a4 b4 7.Nd1 a5 8.f3 Nd7 9.c3 bxc3
10.bxc3 e5 11.Bd3 exd4 12.cxd4 Nc5 13.Bc2 Ne7 14.Rb1 Nd7 15.Bh6 Bxh6 16.Qxh6 Nc6
17.Ne2 Ba6 18.Ndc3 Nb4 19.Bb3 Nd3+ 20.Kd2 Nb6 21.Bd5 Nb4 22.Bxa8 Nc4+ 23.Ke1 Qxa8
24.Kf2 Na3 25.Rbd1 Bc4 26.Nf4 Bb3 27.Ncd5 Kd7 28.Rc1 Nac2 29.Qh3+ Kc6 30.Ne7+ Kb7
31.Rhd1 Bxa4 32.Ned5 Qa6 33.Qh4 Bb3 34.Qe7 Rc8 35.Qxf7 a4 36.Rb1 Qc4 37.Ne6 Nxd5
38.exd5 Nb4 39.Rg1 a3 40.Kg3 a2 41.Rbc1 Nc2 42.Qd7 Ra8 43.Nc5+ dxc5 44.Qc6+ Kb8
45.Rge1 Nxe1 46.Rxe1 Qxd5 47.Re8+  1-0

[Event "FRG-ch"]
[Site "Bad Neuenahr"]
[Date "1989.??.??"]
[Round "?"]
[White "Maier, Christian"]
[Black "Lau, Ralf"]
[Result "0-1"]
[WhiteElo "2325"]
[BlackElo "2475"]

1.e4 g6 2.d4 Bg7 3.Nc3 d6 4.h3 a6 5.Nf3 b5 6.Be2 Bb7 7.a3 Nf6 8.Qd3 O-O 9.Bg5 Nbd7
10.Qe3 c5 11.dxc5 Nxc5 12.e5 Nfe4 13.Bh6 Nxc3 14.Bxg7 Kxg7 15.Qxc3 Ne4 16.Qe3 dxe5
17.Nxe5 Qc7 18.Ng4 Qxc2 19.Rc1 Qxb2 20.O-O Qd2 21.Rc7 Qxe3 22.Nxe3 Rab8 23.Rxe7 Nc3
24.Bd1 Rfe8 25.Rc7 Rec8 26.Rd7 Bc6 27.Rd6 Ne4 28.Rd4 Rd8 29.Rxd8 Rxd8 30.Bf3 f5
31.Rc1 Rd6 32.g4 Kf6 33.Kg2 Ke5 34.a4 Kf4 35.axb5 axb5 36.Rd1 Rxd1 37.Nxd1 fxg4
38.hxg4 b4 39.Nb2 Bb5 40.Bd1 Nc3 41.Kh3 Nxd1 42.Nxd1 b3 43.Nc3 b2  0-1

[Event "Bad Orb op"]
[Site "Bad Orb"]
[Date "1989.??.??"]
[Round "?"]
[White "Szalanczy, Emil"]
[Black "Alber, Horst"]
[Result "1-0"]
[WhiteElo "2400"]
[BlackElo "2360"]

1.e4 g6 2.d4 Bg7 3.Nc3 d6 4.Be3 c6 5.Qd2 b5 6.Bd3 Nd7 7.Nf3 Nb6 8.b3 a6 9.O-O Bg4
10.Ng5 h6 11.h3 hxg5 12.hxg4 Qc7 13.Ne2 e5 14.g3 Nd7 15.c3 Nh6 16.f3 b4 17.Rac1 bxc3
18.Qxc3 exd4 19.Bxd4 Bxd4+ 20.Qxd4 f6 21.Kg2 Ne5 22.Rh1 Ke7 23.Nc3 Qa7 24.Qxa7+ Rxa7
25.Be2 Raa8 26.Na4 f5 27.Nb6 Raf8 28.Nc4 Nd7 29.Na5 c5 30.Nc6+ Kf6 31.Rhd1 Nf7
32.Bc4 Rc8 33.e5+ Ndxe5 34.Nxe5 dxe5 35.Rd7 Rh7 36.Rh1 Rg7 37.a4 a5 38.Rhd1 Rh7
39.Ra7 Rch8 40.Kf2 f4 41.Rdd7 Rh2+ 42.Ke1 Rh1+ 43.Kd2 Rd8 44.gxf4 gxf4 45.Bxf7 Rxd7+
46.Rxd7 e4 47.fxe4 Rh7 48.e5+ Kxe5 49.g5 Rh2+ 50.Kc3 Rh3+ 51.Kc4 f3 52.Bxg6 Kf4
53.Bd3 Kxg5 54.Rf7  1-0

[Event "Bad Orb op"]
[Site "Bad Orb"]
[Date "1989.??.??"]
[Round "?"]
[White "Fette, Martin"]
[Black "Alber, Horst"]
[Result "1-0"]
[WhiteElo "2385"]
[BlackElo "2360"]

1.e4 g6 2.d4 Bg7 3.Nc3 d6 4.f4 c6 5.Nf3 Bg4 6.Be3 Qb6 7.Qd2 Bxf3 8.gxf3 Nd7
9.Bh3 Qa5 10.O-O Nb6 11.b3 f5 12.Rfe1 Nh6 13.Rad1 O-O 14.a3 Kh8 15.b4 Qxa3
16.Bf1 c5 17.bxc5 dxc5 18.Nb5 Qa4 19.Ra1 Qb4 20.dxc5 Qxd2 21.Bxd2 Nd7 22.e5 Nxc5
23.Nxa7 Nf7 24.Be3 Ne6 25.Bc4 Nfd8 26.Kf2 Bh6 27.Kg3 Ng7 28.Nb5 Rc8 29.Bb3 Nh5+
30.Kf2 Nxf4 31.Rad1 Nc6 32.Rd7 Na5 33.Nc7 Nxb3 34.cxb3 Rfd8 35.Red1 Rxd7
36.Rxd7 Nh3+ 37.Ke2 Bxe3 38.Kxe3 Ng5 39.Rxe7 f4+ 40.Kxf4 Rxc7 41.Re8+ Kg7
42.Kxg5 Rc3 43.Re7+ Kf8 44.Rxb7 Rxf3 45.Rxh7 Rxb3 46.Kxg6 Rb6+ 47.Kf5 Kg8
48.Rh4 Kf7 49.Rh7+ Kg8 50.Rd7 Rh6 51.Rd6 Rxh2 52.Kf6 Rf2+ 53.Ke6 Re2 54.Kf6 Rf2+
55.Ke7 Kg7 56.Rd1 Rf7+ 57.Ke8 Rf8+ 58.Kd7 Rf7+ 59.Kd6 Rf2 60.e6 Ra2 61.e7  1-0

[Event "Barcelona Vulca"]
[Site "Barcelona"]
[Date "1989.??.??"]
[Round "?"]
[White "Westerinen, Heikki MJ"]
[Black "Sanchez Guirado, Francisco"]
[Result "1/2-1/2"]
[WhiteElo "2400"]
[BlackElo "2360"]

1.e4 g6 2.d4 Bg7 3.Nc3 d6 4.Be3 a6 5.a4 Nf6 6.h3 O-O 7.g4 b6 8.e5 Nfd7 9.Bg2 Ra7
10.exd6 exd6 11.Nf3 c5 12.dxc5 dxc5 13.Qd6 Qf6 14.O-O-O Nc6 15.Qxf6 Bxf6
16.Ne4 Bg7 17.Nd6 b5 18.Ng5 Nd4 19.Ngxf7 Nb6 20.Nxc8 Rxc8 21.Nd6 Rf8 22.a5 Na4
23.Bd5+ Kh8 24.c3 Rd7 25.Nf7+ Kg8 26.Nh6+ Kh8 27.Nf7+ Kg8 28.Nd6+ Kh8 29.cxd4 cxd4
30.Nf7+ Rdxf7 31.Bxf7 dxe3 32.Bb3 Bxb2+ 33.Kb1 Rxf2 34.Bxa4 bxa4 35.Rhe1 a3
36.Ka2 Bc3+ 37.Kxa3 Bxe1 38.Rxe1 Rf3 39.Kb4 Rxh3 40.Kc5 Rg3 41.Kb6 Kg7 42.Kxa6 Rxg4
43.Rxe3 Ra4 44.Re7+ Kh6 45.Kb5 Ra1 46.a6 g5 47.a7 Kh5 48.Rxh7+ Kg4 49.Kb6 Kf3
50.Rf7+ Ke3 51.Rg7 Kf4 52.Rf7+ Ke3 53.Rf5 Rxa7 54.Kxa7 g4 55.Rg5 Kf3 56.Kb6 g3  1/2-1/2

[Event "Belfort op"]
[Site "Belfort"]
[Date "1989.??.??"]
[Round "3"]
[White "Roeder, Mathias"]
[Black "Seret, Jean Luc"]
[Result "0-1"]
[WhiteElo "2365"]
[BlackElo "2380"]

1.d4 g6 2.e4 Bg7 3.Nc3 d6 4.Nf3 Nf6 5.Be2 O-O 6.O-O c6 7.Bf4 Nbd7 8.Re1 Qb6
9.a3 e5 10.dxe5 dxe5 11.Be3 Qc7 12.Nd2 Rd8 13.f3 Nh5 14.Qc1 Nf4 15.Bf1 Ne6
16.Nd1 a5 17.b4 Bf8 18.c3 b6 19.Nb2 Ba6 20.Qc2 Bxf1 21.Rxf1 axb4 22.axb4 b5
23.Nd3 Nf4 24.Nxf4 exf4 25.Bd4 c5 26.bxc5 Nxc5 27.Rxa8 Rxa8 28.Qb2 Rb8 29.Ra1 Na4
30.Qb3 Rc8 31.Qxb5 Nxc3 32.Qd3 Qd7 33.Nb3 Bg7 34.Rc1 Ne2+ 35.Qxe2 Qxd4+ 36.Kf1 Rxc1+
37.Nxc1 Qa1 38.Qe1 Bc3 39.Qd1 Bb2 40.e5 Qxc1  0-1

[Event "GMA-qual"]
[Site "Belgorod"]
[Date "1989.??.??"]
[Round "?"]
[White "Purgin, Nikolaj"]
[Black "Kanstler, Boris"]
[Result "1-0"]
[WhiteElo "2285"]
[BlackElo "2430"]

1.d4 g6 2.e4 Bg7 3.Nc3 d6 4.f4 Nf6 5.Nf3 c5 6.d5 O-O 7.e5 Ne8 8.Be2 Nd7 9.e6 fxe6
10.dxe6 Ndf6 11.O-O Nc7 12.Ng5 d5 13.f5 gxf5 14.Rxf5 Nxe6 15.Bf3 Nd4 16.Rxf6 Bxf6
17.Bxd5+ Kh8 18.Nxh7 Nf3+ 19.Kh1 Kxh7 20.Qxf3 Qe8 21.g4 Kg7 22.Bf4 Bd4 23.Rf1 Bd7
24.Qg3 e5 25.Bh6+ Kxh6 26.Qh4+ Kg7 27.Qg5+ Qg6 28.Qe7+ Kh6 29.Qh4+ Kg7 30.Qe7+ Kh6
31.Rxf8 Re8 32.Qh4+ Kg7 33.Qh8+  1-0

[Event "Belgrade (Women)"]
[Site "Belgrade"]
[Date "1989.??.??"]
[Round "1"]
[White "Maric, Mirjana"]
[Black "Polihroniade, Elisabeta"]
[Result "1/2-1/2"]
[WhiteElo "2285"]
[BlackElo "2220"]

1.e4 g6 2.d4 Bg7 3.Nc3 d6 4.g3 Nc6 5.Be3 Nf6 6.h3 O-O 7.Bg2 e5 8.Nge2 exd4
9.Nxd4 Re8 10.O-O Bd7 11.Nde2 Ne5 12.b3 Bc6 13.Nd4 Bd7 14.f4 Nc6 15.Qd2 Nxd4
16.Bxd4 c5 17.Bf2 Bc6 18.Rae1 Qa5 19.Rd1 Qb4 20.Rfe1 Rad8 21.Qd3 Ng4 22.hxg4 Bxc3
23.Re3 Bg7 24.c3 Qa3 25.Qc2 a5 26.c4 a4 27.bxa4 Qxa4 28.Qxa4 Bxa4 29.Rd2 Bc6
30.Red3 Bxe4 31.Rxd6 Bxg2 32.Kxg2 Bd4 33.Rxd8 Rxd8 34.Bxd4 cxd4  1/2-1/2

[Event "Belgrade op"]
[Site "Belgrade"]
[Date "1989.??.??"]
[Round "3"]
[White "Kurcubic, Aleksandar"]
[Black "Sale, Srdjan"]
[Result "1/2-1/2"]
[WhiteElo "2320"]
[BlackElo "2335"]

1.e4 g6 2.d4 Bg7 3.Nc3 d6 4.f4 Nc6 5.Nf3 Bg4 6.Be3 Bxf3 7.gxf3 d5 8.exd5 Nb4
9.Bb5+ Kf8 10.a3 Nxd5 11.Nxd5 Qxd5 12.Qe2 Nh6 13.c4 Qe6 14.d5 Qf6 15.O-O-O Nf5
16.Bf2 a6 17.Ba4 b5 18.Bb3 bxc4 19.Bxc4 Rb8 20.Rd2 Nd6 21.Bxa6 Qxf4 22.Be3 Qa4
23.Rc2 Nf5 24.Bc5 Bd4 25.Re1 Bf6 26.Bc4 Kg7 27.Qd3 Rhd8 28.Rg1 Kh8 29.Rg4 Qa5
30.b4 Qa8 31.Rd2 c6 32.Qb3 Nd6 33.Be2 Nf5 34.Bc4 cxd5 35.Bxd5 Qa6 36.Bc4 Qc6
37.Bxf7 Rxd2 38.Kxd2 Rd8+ 39.Ke1 Qd7 40.Rg2 Nh4 41.Rf2 Qf5 42.Kf1 Rd3 43.Qc2 Qh3+
44.Ke2 Rxf3 45.Qe4 Rxf2+ 46.Bxf2 Qxh2 47.b5 Nf5 48.Ke1 Qh3 49.a4 Kg7 50.Be6 Qc3+
51.Kf1 Nd4 52.b6 Qa1+ 53.Kg2 Qxa4 54.b7 Qb4 55.Bg3 Qb2+ 56.Kf1 Qb5+ 57.Kg2 Qb2+
58.Kh1 Qa1+ 59.Kh2 Qb2+ 60.Kh1 Qc1+  1/2-1/2

[Event "Belgrade (Women)"]
[Site "Belgrade"]
[Date "1989.??.??"]
[Round "4"]
[White "Veroci, Zsuzsa"]
[Black "Polihroniade, Elisabeta"]
[Result "1-0"]
[WhiteElo "2335"]
[BlackElo "2220"]

1.e4 g6 2.d4 Bg7 3.Nc3 d6 4.f4 Nc6 5.Be3 Nf6 6.Nf3 O-O 7.Be2 Ng4 8.Bg1 e5
9.fxe5 dxe5 10.d5 Ne7 11.h3 Nf6 12.Be3 Nh5 13.Bc4 Ng3 14.Rg1 Kh8 15.Bf2 Nh5
16.Qd2 Ng8 17.Be3 Qe7 18.O-O-O Bd7 19.g4 Nhf6 20.d6 cxd6 21.Qxd6 Qxd6 22.Rxd6 Bc6
23.Ng5 Nh6 24.Rf1 Ne8 25.Rd2 Bf6 26.Rdf2 Nd6 27.Rxf6 Nxc4 28.Bc5 Rfd8 29.b3 Nb6
30.Nxf7+ Nxf7 31.Rxf7 Nd7 32.Be3 Rf8 33.Rxf8+ Rxf8 34.Rxf8+ Nxf8 35.Bxa7 Ne6
36.Bb8 Ng5 37.Bxe5+ Kg8 38.h4 Nxe4 39.Nxe4 Bxe4 40.g5 Kf7 41.c4 Ke6 42.Bd4 Kf5
43.Kd2 Kg4 44.Bf2 Kh5 45.Kc3 h6 46.gxh6 Kxh6 47.b4 Kh5 48.Kd4 Bb1 49.a4 g5
50.hxg5 Kxg5 51.a5 Kf6 52.b5 Bf5 53.Kc5 Ke7 54.Kb6 Be4 55.c5 Kd7 56.Bg3 Bf3
57.a6 bxa6 58.c6+ Kc8 59.bxa6  1-0

[Event "Belgrade op"]
[Site "Belgrade"]
[Date "1989.??.??"]
[Round "5"]
[White "Robovic, Saudin"]
[Black "Nikolic, Sava N"]
[Result "0-1"]
[WhiteElo "2365"]
[BlackElo "2315"]

1.e4 g6 2.d4 Bg7 3.Nc3 d6 4.Be3 Nf6 5.h3 O-O 6.Nf3 c6 7.a4 a5 8.Be2 Na6 9.O-O Nb4
10.Nd2 Ne8 11.Ncb1 d5 12.c3 Na6 13.Qb3 Nac7 14.Na3 Nd6 15.Bd3 dxe4 16.Nxe4 Nf5
17.Bf4 Nd5 18.Bh2 b6 19.Rfe1 h6 20.Nc4 Be6 21.Qc2 Qc8 22.Bf1 g5 23.Rad1 Nh4
24.Qe2 Ng6 25.Ned2 Ngf4 26.Bxf4 Nxf4 27.Qe4 Qc7 28.Ne3 f5 29.Qc2 c5 30.dxc5 bxc5
31.Nec4 Bd5 32.Ne3 Be6 33.Nec4 Bc8 34.Nf3 Ng6 35.Ne3 e6 36.Bc4 Kh8 37.Nf1 e5
38.Ng3 e4 39.Nh2 Nf4 40.Nhf1 Bb7 41.Rd2 Rae8 42.Red1 Re7 43.Ne3 Bc8 44.Qb3 Be5
45.Ngf1 Rg7 46.Qb5 g4 47.hxg4 fxg4 48.Nd5 Nxd5 49.Rxd5 g3 50.fxg3 Bxg3 51.R1d2 e3
52.Nxe3 Qf4 53.Nd1 Qh4  0-1

[Event "Belgrade op"]
[Site "Belgrade"]
[Date "1989.??.??"]
[Round "7"]
[White "Crepan, Marjan"]
[Black "Ristic, Nebojsa"]
[Result "1-0"]
[WhiteElo "2380"]
[BlackElo "2325"]

1.e4 g6 2.d4 Bg7 3.Nc3 d6 4.Be2 Nd7 5.Nf3 e5 6.Bg5 Ngf6 7.dxe5 dxe5 8.Nxe5 Nxe5
9.Qxd8+ Kxd8 10.Nd5 c6 11.Nxf6 h6 12.Bh4 g5 13.Nh5 gxh4 14.Nxg7 Rg8 15.Nf5 Bxf5
16.exf5 Rxg2 17.Rd1+ Ke7 18.Rd4 Kf6 19.Rxh4 Kxf5 20.Rxh6 Rd8 21.Rh3 Rg6 22.Rg3 Rgd6
23.h4 Ng6 24.Bd3+ Kf6 25.Rf3+ Kg7 26.Rf5 Re8+ 27.Kd2 Rh8 28.h5 Ne7 29.Rg5+ Kf6
30.Rg3 Rh6 31.Rh4 Rd5 32.Rf4+ Nf5 33.c4 Rxd3+ 34.Rxd3 Rxh5 35.Rd7 Ke5 36.Rf3 Ke4
37.Ra3 Rh2 38.Ke2 f6 39.Rxb7 Nd4+ 40.Kf1 Nf3 41.Re7+ Kf4 42.Ree3 Rh1+ 43.Ke2 Re1+
44.Kd3 Rd1+ 45.Kc3 Rf1 46.Re2 c5 47.Ra5 Nd4 48.Rd2 Nf3 49.Rd6 Rc1+ 50.Kb3 Nd4+
51.Ka3 Rxc4 52.Rxf6+ Ke5 53.Rf7 Kd5 54.b3 Rc2 55.b4 Ke6 56.Rf4 cxb4+ 57.Kxb4 Nc6+
58.Kb3 Rd2 59.Rh5 Rd3+ 60.Kc2 Ra3 61.Kb2 Rd3 62.Rc4 Nd8 63.f4 Nf7 64.Ra4  1-0

[Event "Belgrade op"]
[Site "Belgrade"]
[Date "1989.??.??"]
[Round "7"]
[White "Vratonjic, Slobodan"]
[Black "Sale, Srdjan"]
[Result "1-0"]
[WhiteElo "2385"]
[BlackElo "2335"]

1.e4 g6 2.d4 Bg7 3.Nc3 d6 4.Be2 Nf6 5.h4 Nc6 6.h5 gxh5 7.f3 e5 8.dxe5 Nxe5
9.Nh3 Bxh3 10.Rxh3 Rg8 11.Be3 Bf8 12.Kf2 c6 13.a4 Qa5 14.Qd4 Ned7 15.b4 Qe5
16.Rd1 a5 17.b5 Nc5 18.Qxe5+ dxe5 19.Bc4 Ncd7 20.Ne2 Bc5 21.Bxc5 Nxc5 22.Ng3 Nxa4
23.bxc6 bxc6 24.Bb3 Nc5 25.Nxh5 Rg6 26.Nxf6+ Rxf6 27.Rxh7 Ke7 28.Rh5 Nd7
29.Ra1 Ra7 30.g3 Ra8 31.Ke3 Rg8 32.g4 Ra8 33.g5 Rf4 34.Rh7 Nf8 35.Rh8 Ra7
36.Ra4 Ng6 37.Rh6 Rh4 38.Rxh4 Nxh4 39.Kf2 Ng6 40.Kg3 f6 41.gxf6+ Kxf6 42.Rc4 Ne7
43.Ba4 Ra6 44.Rc5 Ke6 45.f4 exf4+ 46.Kxf4 Kd6 47.Rh5 Ra8 48.c4 Rf8+ 49.Ke3 c5
50.Rh6+ Kc7 51.Ra6 Rh8 52.Rxa5 Rh3+ 53.Kf4 Rh4+ 54.Ke5 Rh5+ 55.Kf6 Nc8 56.e5 Nb6
57.Rxc5+ Kd8 58.Bb5 Rh6+ 59.Kg5 Rh1 60.Rc6 Rg1+ 61.Kf5 Nc8 62.Rh6 Ne7+ 63.Ke6 Ng6
64.Kf6 Nf8 65.Kf7  1-0

[Event "Belgrade (Women)"]
[Site "Belgrade"]
[Date "1989.??.??"]
[Round "8"]
[White "Galliamova, Alisa"]
[Black "Polihroniade, Elisabeta"]
[Result "1-0"]
[WhiteElo "2335"]
[BlackElo "2220"]

1.e4 g6 2.d4 Bg7 3.Nc3 d6 4.h3 Nf6 5.Nf3 O-O 6.Be3 c6 7.a4 Qa5 8.Bd3 e5 9.dxe5 dxe5
10.O-O Nbd7 11.Qb1 Qb4 12.a5 Nh5 13.Re1 Nf4 14.Bf1 h6 15.Ra4 Qe7 16.b4 Re8
17.b5 Qf6 18.Nh2 h5 19.Rc4 Nf8 20.a6 g5 21.g3 N4g6 22.Qd1 g4 23.hxg4 h4 24.g5 Qe6
25.Qh5 hxg3 26.fxg3 Ne7 27.Be2 bxa6 28.bxc6 Nxc6 29.Nd5 Nd4 30.Nc7 Nxe2+
31.Qxe2 Qg6 32.Nxe8 Be6 33.Nxg7 Bxc4 34.Qxc4 Kxg7 35.Ng4 Ne6 36.Nxe5 Qh5
37.Rf1 Rf8 38.Qc3 Kg8 39.Nd7 Qh3 40.Nf6+ Kg7 41.Nd7+ Kg8 42.Nf6+ Kg7 43.Bf4 Nxf4
44.Rxf4 Rd8 45.Nh5+  1-0

[Event "Benidorm op"]
[Site "Benidorm"]
[Date "1989.??.??"]
[Round "?"]
[White "Villavicencio, Adalberto"]
[Black "Martin, Andrew D"]
[Result "1/2-1/2"]
[WhiteElo "2325"]
[BlackElo "2415"]

1.e4 g6 2.d4 d6 3.Nc3 Bg7 4.Nf3 a6 5.a4 Nf6 6.h3 O-O 7.Be3 d5 8.exd5 Nxd5
9.Nxd5 Qxd5 10.Be2 Nc6 11.O-O Bf5 12.Qd2 b5 13.Bh6 Nxd4 14.Nxd4 Bxh6 15.Qxh6 Qxd4
16.c3 Qc5 17.axb5 axb5 18.Rxa8 Rxa8 19.Rd1 e5 20.Bg4 Bxg4 21.hxg4 e4 22.Qf4 Qc6
23.g5 Re8 24.Qf6 Qxf6 25.gxf6 h5 26.Rd7 c6 27.Re7 Rd8 28.Rxe4 Rd6 29.c4 bxc4
30.Rxc4 Rxf6 31.b4 Kg7 32.Rc5 Rd6 33.b5 cxb5 34.Rxb5 Rd2 35.Rb6 h4 36.f3 f5
37.Kh2 Kh6 38.Ra6 Kh5 39.Rf6 Rd5 40.Ra6 g5 41.Ra2 g4 42.fxg4+ fxg4 43.Rb2 Kg5
44.Ra2 Re5 45.Rb2 Re4 46.Ra2 Kf4 47.Rf2+ Ke3 48.Ra2 Rd4 49.Ra3+ Ke4 50.Ra2 Kf4
51.g3+ hxg3+ 52.Kg2 Rd3 53.Ra4+ Kg5 54.Ra8 Rd2+ 55.Kxg3 Rd3+ 56.Kg2 Rd2+  1/2-1/2

[Event "Lasker mem"]
[Site "Berlin"]
[Date "1989.??.??"]
[Round "9"]
[White "Wahls, Matthias"]
[Black "Mohr, Stefan"]
[Result "1-0"]
[WhiteElo "2535"]
[BlackElo "2485"]

1.e4 g6 2.d4 d6 3.Nc3 Bg7 4.f4 Nc6 5.Be3 Nf6 6.Be2 O-O 7.Nf3 Ng4 8.Bg1 e5
9.fxe5 dxe5 10.d5 Nb8 11.h3 Nf6 12.Bh2 Nbd7 13.Qd2 Ne8 14.O-O-O Nd6 15.g4 Qe7
16.Bg1 a6 17.Bd3 b5 18.Kb1 Bb7 19.Be3 Rfd8 20.Bg5 f6 21.Bh4 c5 22.dxc6 Bxc6
23.Qe3 Rac8 24.Rhe1 Bb7 25.g5 Nc5 26.gxf6 Bxf6 27.Bxf6 Qxf6 28.Nh2 Qf4 29.Ng4 h5
30.Qxf4 exf4 31.Ne5 Kh7 32.Rg1 Ndxe4 33.Nxe4 Bxe4 34.Nf7 Rxd3 35.cxd3 Bxd3+
36.Ka1 Be2 37.Rd6 Ne4 38.Rdxg6 Ng3 39.Rf6 Rc4 40.Ng5+ Kg8 41.b3  1-0